The cardiac catherization handbook/lcMorton J. Kern, Paul Sorajja and Michael J. Lim (Record no. 780)
[ view plain ]
| 000 -LEADER | |
|---|---|
| fixed length control field | 00596cam a2200193 4500 |
| 008 - FIXED-LENGTH DATA ELEMENTS--GENERAL INFORMATION | |
| fixed length control field | 181212n 000 0 eng u |
| 020 ## - INTERNATIONAL STANDARD BOOK NUMBER | |
| International Standard Book Number | 9780323340397 |
| 035 ## - SYSTEM CONTROL NUMBER | |
| System control number | (Sirsi) a209388 |
| 050 ## - LIBRARY OF CONGRESS CALL NUMBER | |
| Classification number | RC 683 CAR 2015 |
| 245 ## - TITLE STATEMENT | |
| Title | The cardiac catherization handbook/lcMorton J. Kern, Paul Sorajja and Michael J. Lim |
| 250 ## - EDITION STATEMENT | |
| Edition statement | 6th ed, |
| 260 ## - PUBLICATION, DISTRIBUTION, ETC. | |
| Place of publication, distribution, etc. | Philadelphia : lbElservier, lc2015 |
| 300 ## - PHYSICAL DESCRIPTION | |
| Extent | xiii, 492p. : lbill. |
| 504 ## - BIBLIOGRAPHY, ETC. NOTE | |
| Bibliography, etc. note | Includes bibliographical references |
| 650 ## - SUBJECT ADDED ENTRY--TOPICAL TERM | |
| Topical term or geographic name entry element | Cardiac catherization |
| 700 ## - ADDED ENTRY--PERSONAL NAME | |
| Personal name | Kern, Morton J. |
| 700 ## - ADDED ENTRY--PERSONAL NAME | |
| Personal name | Sorajja, Paul |
| 700 ## - ADDED ENTRY--PERSONAL NAME | |
| Personal name | Lim, Michael, J. |
| Withdrawn status | Lost status | Source of classification or shelving scheme | Damaged status | Not for loan | Home library | Current library | Shelving location | Date acquired | Total Checkouts | Full call number | Barcode | Date last seen | Copy number | Price effective from | Koha item type |
|---|---|---|---|---|---|---|---|---|---|---|---|---|---|---|---|
| Library of Congress Classification | Kitwe Library | Kitwe Library | On Shelf | 12/12/2018 | RC 683.5 CAR 2015 | 33729005036491 | 08/09/2019 | 1 | 08/09/2019 | Book |